| 000 | 00921nam a2200229Ii 4500 | ||
|---|---|---|---|
| 003 | JO-AjNU | ||
| 008 | 230605s9999||||xx |||||||||||||| ||und|| | ||
| 017 | _a2010/6/2265 | ||
| 020 | _a978-9957-33-219-8 | ||
| 040 |
_aJO-AjNU _bara _erda _cJO-AjNU |
||
| 041 | _aara | ||
| 050 | 1 | 4 | _aHF5679.M847 2011 |
| 100 | 3 |
_aتأليف: محسن،صباح رحيمة / م.مشارك: عبد الفتاح ابراهيم زريبة، فتحي احمد الشيباني, _eauthor _928073 |
|
| 245 | 0 | 0 | _aنظم المعلومات المالية اسسها النظرية وبناء قواعد بياناتها |
| 250 | _aط1 | ||
| 264 | 3 | 1 | _aعمان: مؤسسة الوراق للنشر والتوزيع، 2011 |
| 300 | _a338ص | ||
| 336 |
_atext _btxt _2rdacontent |
||
| 337 |
_aunmediated _bn _2rdamedia |
||
| 338 |
_avolume _bnc _2rdacarrier |
||
| 650 | 4 |
_aالمحاسبة المالية - ادارة المعلومات _928074 |
|
| 999 |
_aA10843 _c14411 _d14411 |
||